000 00567nam a2200181Ia 4500
005 20260429112235.0
008 260429s9999||||xx |||||||||||||| ||und||
020 _a9789389140460
041 _aHindi
082 _a821.214
_bBAT
100 _aबाथम, मनोहर
245 0 _aदरमियान :
_bसरहद की डायरी /
_cमनोहर बाथम
250 _a1st ed.
260 _aनई दिल्ली :
_bप्रकाशन संस्थान,
_c2023.
300 _a344 p.; Hb
650 _aDiary
942 _cTB
999 _c53071
_d53071